Score 0/14 Timer 01:00
5 Plays Today
Clue 4-Letter Word % Correct
The Cape of Good ___HOPE
90.2%
Bird that also means a peaceful personDOVE
89.7%
Dish for serving soupBOWL
88%
Slang for marijuanaDOPE
87.5%
A cry of a dog in painHOWL
84.1%
NHL Hall-of-Famer GordieHOWE
76.1%
Storage building for farm productsBARN
72.8%
Clue 4-Letter Word % Correct
Disney's 'That ___ Cat!'DARN
71.7%
The first appearance of light in the morningDAWN
71.5%
Wail and cry loudlyBAWL
64.6%
Actress Goldie of 'Overboard' and 'Private Benjamin'HAWN
59.7%
Bird that also means a war-like personHAWK
54.8%
A poet or composer of versesBARD
53%
The madam of a house of ill reputeBAWD
40.3%

Today's Daily Dose

You're not logged in!

Compare scores with friends on all Sporcle quizzes.
OR
Log In

Sporcle TV

Today on Sporcle TV


Watch our educational content, quiz creation guides, and fun videos on Sporcle TV.

Show Comments

Extras

Top Quizzes Today


Score Distribution

Your Account Isn't Verified!

In order to create a playlist on Sporcle, you need to verify the email address you used during registration. Go to your Sporcle Settings to finish the process.

Report this User

Report this user for behavior that violates our Community Guidelines.

Details: